Die Pfefferkörner - 7. Generation - Statistiken

Allgemein
  • Dieses Quiz wurde 88 mal gespielt
  • Das Durchschnittsergebnis liegt bei 5 aus 6
Antwortstatistiken
Bildquiz Antwort % Korrekt
Jessica "Jessi" Amsinck
98%
Luis de Lima Santos
93%
Feline (Fee)
91%
Anton Cengiz
82%
Niklas Klinger
82%
Ceyda Cengiz
72%
Keine übereinstimmenden Quizze gefunden
Verteilung der Resultate
Anzahl Personen mit jedem Resultat
Perzentil nach korrekt beantworteten Fragen
Ihre Resultats-Entwicklung
Sie haben dieses Quiz noch nicht gespielt